000
00290nmm a2200097Ia 4500
008
220120s9999||||xx |||||||||||||||||und||
020
_a
81-7808-333-7
100
_a
Callister, William, D
_9
432
245
0
_a
Callister`s material scinece and engineering
260
_a
Tata mcgraw hill
_b
Delhi
_c
2010
999
_c
139502
_d
139502